000 00468nam a22001817a 4500
003 NUST - PNEC
005 20170116180823.0
008 150626b xxu||||| |||| 00| 0 eng d
020 _a8185015694
040 _cLIBRARY
082 _a515.9 AHL
100 _94237
_aAhlfors lard v
245 _aComplex analysis
_cLars v. ahlfors
260 _aNew York
_bMagraw hill book company
_cc1953.
300 _a247 p. :
650 _94238
_aAnalysis
_xME
942 _2ddc
_cBK
999 _c63811
_d63811